|
|
|
|
| LEADER |
00000ngm a22000007a 4500 |
| 001 |
030988 |
| 003 |
UAHC_CL |
| 005 |
20170803123302.0 |
| 008 |
131105s1997 sp 130 e vlspa d |
| 040 |
|
|
|a UAHC_CL
|c UAHC_CL
|d UAHC_CL
|
| 245 |
1 |
0 |
|a Perdita Durango /
|c Alex de la Iglesia.
|
| 260 |
|
|
|c 1997
|a España
|b DVD Video
|
| 300 |
|
|
|a 1 videodisco (130 min.)
|
| 520 |
|
|
|a Perdita Durango es una mujer joven y peligrosa. Cada noche sueña con un jaguar que lame su cuerpo desnudo y se acuesta a su lado. Morena, sexy y muy descarada, lo suyo es aprovecharse del prójimo y vivir a tope, arrastrando con cierto orgullo un pasado bañado en sangre y extrañas pasiones.
|
| 650 |
|
4 |
|a CINE
|
| 700 |
1 |
|
|a Iglesia, Alex de la
|e dir.
|
| 900 |
|
|
|a DVD-700
|
| 942 |
|
|
|c VHS
|
| 952 |
|
|
|0 0
|1 0
|4 0
|6 DVD_700
|7 0
|8 Referencia
|9 60421
|a BC
|b BC
|c Referencia
|d 2017-08-03
|l 0
|o DVD-700
|p 1411114
|r 2021-12-01 00:00:00
|t 1
|w 2017-08-03
|y DVD
|
| 952 |
|
|
|0 0
|1 0
|4 0
|6 DVD_700
|7 0
|8 Referencia
|9 60422
|a BS
|b BS
|c Referencia
|d 2017-08-03
|l 0
|o DVD-700
|p 1411113
|r 2022-01-21 00:00:00
|t 1
|w 2017-08-03
|y DVD
|
| 999 |
|
|
|c 30988
|d 30988
|